Statistics for Top 4 in English Football, 1888–2023

Click here to take the quiz!

General Stats

  • This quiz has been taken 86,248 times
    (84,994 since last reset)
  • The average score is 22 of 40

Answer Stats

Club% Correct
Manchester City
99%
Manchester United
99%
Liverpool
98%
Arsenal
97%
Chelsea
97%
Tottenham Hotspur
94%
Leicester City
92%
Newcastle United
84%
Everton
80%
Aston Villa
78%
Leeds United
76%
Nottingham Forest
75%
West Ham United
73%
Blackburn Rovers
69%
Wolverhampton Wanderers
65%
Southampton
61%
Sunderland
57%
Norwich City
54%
Crystal Palace
52%
Sheffield United
50%
Sheffield Wednesday
49%
Burnley
48%
West Bromwich Albion
45%
Derby County
42%
Queens Park Rangers
42%
Portsmouth
41%
Bolton Wanderers
40%
Cardiff City
40%
Stoke City
37%
Watford
37%
Blackpool
36%
Ipswich Town
36%
Middlesbrough
33%
Preston North End
33%
Bristol City
28%
Huddersfield Town
27%
Charlton Athletic
24%
Notts County
18%
Oldham Athletic
17%
Bury
13%

Score Distribution

Percentile by Number Answered

Percent of People with Each Score

Your Score History

You have not taken this quiz since the last reset